| 000 | 01787nam0a22003371 4500 | ||
|---|---|---|---|
| 001 | rc\4781105 | ||
| 005 | 20250613082839.0 | ||
| 021 |
_aRU _b[66-25073] |
||
| 035 | _a(NLR Aleph) 009029268 | ||
| 090 |
_a9478504 _c9478504 |
||
| 100 | _a20130417d1966 |||y0rusy50 ca | ||
| 101 | 0 | _arus | |
| 102 | _aRU | ||
| 105 | _aa z ||||| | ||
| 200 | 1 |
_aНовые данные о геологическом строении и нефтегазоносности Припятской впадины Белорусской ССР _e[Обзор] _fПод ред. проф. Н.И. Буялова _gМ-во нефтедобывающей пром-сти СССР. Всесоюз. науч.-исслед. ин-т организации, управления и экономики нефтегазовой пром-сти |
|
| 210 |
_aМосква _cБ. и. _d1966 |
||
| 215 |
_a125 с., 4 л. черт. _cчерт. _d21 |
||
| 225 | 1 |
_a[Тематические научно-технические обзоры] _iСерия "Нефтегазовая геология и геофизика" |
|
| 300 | _aНа обороте тит. л. авт.: П.В. Анцупов, Н.И. Буялов, Г.С. Газян и др. | ||
| 606 |
_aГазоносные районы _yПрипятская впадина _2psbo |
||
| 606 |
_aГеология _yПрипятская впадина _2psbo |
||
| 606 |
_aНефтеносные районы _yПрипятская впадина _2psbo |
||
| 701 | 1 |
_aАнцупов _bП.В. _f1921- _gПетр Васильевич |
|
| 701 | 1 |
_aБуялов _bН.И. _gНиколай Иванович _4340 |
|
| 701 | 1 |
_aГазян _bГ.С. |
|
| 801 | 0 |
_aRU _bNLR _gpsbo |
|
| 801 | 1 |
_aRU _bELAR _2rusmarc |
|
| 852 |
_aNLR _j66-5/1761 |
||
| 942 | _cBOOK | ||
| 980 | _aNB | ||